Un antiguo fuerte romano / (Registro nro. 37280)

Detalles MARC
000 -CABECERA
Longitud fija campo de control 01051nam a2200217 4500
003 - • IDENTIFICADOR DELl NÚMERO DE CONTROL
Identificador del número de control CO-ViMGA
020 ## - • NÚMERO INTERNACIONAL NORMALIZADO PARA LIBROS
Número Internacional Normalizado para Libros (ISBN) 9789583035531
040 ## - FUENTE DE LA CATALOGACIÓN
Centro catalogador de origen CO-ViMGA
Lengua de catalogación spa
Centro transcriptor CO-ViMGA
082 04 - • NÚMERO DE LA CLASIFICACIÓN DECIMAL DEWEY
Número de clasificación (R) I 355.03
Número del ítem J69u
100 1# - • PUNTO DE ACCESO PRINCIPAL-NOMBRE DE PERSONA
Nombre de persona Johnson, Stephen
245 10 - • TITULO PROPIAMENTE DICHO
Título Un antiguo fuerte romano /
Mención de responsabilidad, etc. Stephen Johnson ; ilustrador Mark Bergin ; traducción del inglés María Patricia Esguerra
300 ## - • DESCRIPCIÓN FÍSICA
Extensión 45 p. :
Otras características físicas il. ; color
490 ## - • MENCIÓN DE SERIE
Mención de serie Guías visuales espectaculares
500 ## - • NOTA GENERAL
Nota general Da un paso adentro de un fuerte fronterizo y mira cómo defendían los romanos su formidable imperio. Conoce cómo entrenaban los soldados romanos y a qué dedicaban su tiempo libre. Admira la magnífica tecnología militar que convirtió a Roma en gobernante de la mayor parte del mundo conocido hasta entonces... Tomado de la contracubierta
650 14 - • PUNTO DE ACCESO ADICIONAL DE MATERIA - TÉRMINO DE MATERIA
Término de materia o nombre geográfico como elemento inicial Ejercitos
Subdivisión de materia general Historia
Subdivisión geográfica Roma
650 14 - • PUNTO DE ACCESO ADICIONAL DE MATERIA - TÉRMINO DE MATERIA
Término de materia o nombre geográfico como elemento inicial Tactica militar
700 1# - • PUNTO DE ACCESO ADICIONAL - NOMBRE DE PERSONA
Nombre de persona Bergin, Mark
Término indicativo de función il.
700 1# - • PUNTO DE ACCESO ADICIONAL - NOMBRE DE PERSONA
Nombre de persona Esguerra, María Patricia
Término indicativo de función tr.
942 ## - ENTRADA DE ELEMENTOS AGREGADOS (KOHA)
Fuente de clasificaión o esquema Dewey Decimal Classification
Koha [por defecto] tipo de item LIbro
Existencias
Perdido Fuente de clasificación o esquema Estado Físico No para préstamo Forma de adquisición Localización permanente Localización actual Fecha adquisición Préstamos totales Signatura completa Código de barras Fecha última consulta Fecha del precio de reemplazo Tipo de item de Koha Localización en estanterías Número de copia Note pública
        Sala General Biblioteca Pública Departamental Eduardo Carranza - Villavicencio Biblioteca Pública Departamental Eduardo Carranza - Villavicencio 07/03/2012   937.06 J63a ECA21186 11/26/2024 11/26/2024 LIbro General Ej.1 16203 | 20957
  Dewey Decimal Classification     Sala Infantil Segundo Piso Biblioteca Pública Germán Arciniegas - Villavicencio Biblioteca Pública Germán Arciniegas - Villavicencio 04/07/2020   I 355.03 J69u 33188 04/07/2020 04/07/2020 LIbro      
  Dewey Decimal Classification     Sala Infantil Segundo Piso Biblioteca Pública Germán Arciniegas - Villavicencio Biblioteca Pública Germán Arciniegas - Villavicencio 04/07/2020   I 355.03 J69u 33189 04/07/2020 04/07/2020 LIbro      









Instituto Departamental de Cultura del Meta - Red Departamental de Bibliotecas Públicas del Meta.